Statistics for Countries Chain Game

Click here to take the quiz!

General Stats

  • This quiz has been taken 2,934 times
  • The average score is 13 of 15

Answer Stats

Hint Answer % Correct
Himalayan countryNepal
98%
Nordic countrySweden
97%
Land of the pyramidsEgypt
96%
Bangkok is its capitalThailand
96%
Country between Norway and GermanyDenmark
96%
Only country starting with this letterOman
92%
-stan countryAfghanistan
91%
Newest country in EuropeKosovo
90%
Largest African countryAlgeria
89%
Tiny country in OceaniaNauru
83%
Tiny country in the AlpsLiechtenstein
78%
Communist countryNorth Korea
77%
Low LandsNetherlands
76%
Only country containing a Q and a ZMozambique
76%
Island country ruled by queenUnited Kingdom
73%

Score Distribution

Percentile by Number Answered

Percent of People with Each Score

Your Score History

You have not taken this quiz